Etiqueta de registo: 00254nam 2200025 450
001 2173133
003 http://id.bnportugal.gov.pt/bib/catbnp/2173133
010 ## $a978-989-37-7943-9
021 ## $aPT$b531746/24
100 ## $a20240717d2024 m y0pory01030103ba
101 0# $apor
102 ## $aPT
105 ## $ay z 000gy
106 ## $ar
200 1# $aLivro das cinzas$fJúnior na Troposfera
205 ## $a1ª ed
210 #9 $aLisboa$cPoesia Impossível,$d2024
215 ## $a60, [2] p.$d23 cm
675 ## $a821.134.3-1"20"$vBN$zpor$31023893
700 #0 $aJúnior na Troposfera,$cpseud.$31922116
801 #0 $aPT$bBN$gRPC
856 41 $uhttp://rnod.bnportugal.gov.pt/ImagesBN/winlibimg.aspx?skey=&doc=2173133&img=197412&save=true
900 ## $aBIBNAC$d20240912
966 ## $lBN$mFGMON$sL. 172698 V.$x1
971 ## $corlando$d20240717
972 ## $e0$z0$d20240912$viquintas
973 ## $canasil$d20240814
975 ## $e0$d20241206$vevalente